Central Library OPAC University of Rajshahi

New England politics / (Record no. 27628)

MARC details
000 -LEADER
fixed length control field 00888cam a2200277 i 4500
001 - CONTROL NUMBER
control field 27628
003 - CONTROL NUMBER IDENTIFIER
rucl marc code BD-RjUL
005 - DATE AND TIME OF LATEST TRANSACTION
control field 20211209051159.0
008 - FIXED-LENGTH DATA ELEMENTS--GENERAL INFORMATION
fixed length control field 140325s1981 maua b 000 0 eng d
020 ## - INTERNATIONAL STANDARD BOOK NUMBER
International Standard Book Number 0870733567 :
International Standard Book Number 0870733575 (pbk.) :
035 ## - SYSTEM CONTROL NUMBER
System control number (BD-RjUL)27707
040 ## - CATALOGING SOURCE
Original cataloging agency DLC
Transcribing agency DLC
Modifying agency DLC
-- BD-RjUL
Language of cataloging eng
041 ## - LANGUAGE CODE
Language code of text/sound track or separate title eng
082 00 - DEWEY DECIMAL CLASSIFICATION NUMBER
Classification number 974.043
Author mark and year NEW 1981
245 00 - TITLE STATEMENT
Title New England politics /
Statement of responsibility, etc. Josephine F. Milburn and Victoria Schuck, editors ; foreword by Michael Dukakis.
260 ## - PUBLICATION, DISTRIBUTION, ETC. (IMPRINT)
Place of publication, distribution, etc. Cambridge, Mass. :
Name of publisher, distributor, etc. Schenkman Pub. Co.,
Date of publication, distribution, etc. c1981.
300 ## - PHYSICAL DESCRIPTION
Pagination xvii, 315 p. :
Illustrations ill. ;
Size 22 cm.
504 ## - BIBLIOGRAPHY, ETC. NOTE
Bibliography, etc Includes bibliographical references.
651 #0 - SUBJECT ADDED ENTRY--GEOGRAPHIC NAME
Geographic name New England
General subdivision Politics and government.
9 (RLIN) 84857
700 1# - ADDED ENTRY--PERSONAL NAME
Personal name Milburn, Josephine F.
Personal name Schuck, Victoria.
942 ## - ADDED ENTRY ELEMENTS (KOHA)
Source of classification or shelving scheme Dewey Decimal Classification
Koha item type Books
Holdings
Lost status Source of classification or shelving scheme Damaged status Not for loan Collection code Permanent Location Current Location Shelving location Date acquired Source of acquisition Total Checkouts Full call number Date last seen Copy number Koha item type
  Dewey Decimal Classification   Added to bundle Non-fiction Central Library, University of Rajshahi Central Library, University of Rajshahi Reading Room 29/06/1989 Asia Fundation Gift   974.043 NEW 1981 25/03/2014 C-1 Books